[Event "Mauricie op U2000"]
[Site "Trois-Rivieres CAN"]
[Date "2014.03.15"]
[Round "3"]
[White "Simard, Francois"]
[Black "Bond, Jocelyn"]
[Result "1-0"]
[WhiteElo "1703"]
[BlackElo "1955"]
[PlyCount "141"]
[EventDate "2014.03.14"]
[EventType "swiss"]
[EventRounds "5"]
[EventCountry "CAN"]

1. d4 d5 2. c4 c6 3. cxd5 cxd5 4. Nc3 Nf6 5. Nf3 Nc6 6. Bg5 Ne4 7. Bh4 Qa5 8.
Qc1 Bf5 9. a3 Rc8 10. e3 e6 11. Nd2 Nxd2 12. Qxd2 a6 13. Bd3 Bxd3 14. Qxd3 Bd6
15. O-O O-O 16. Ne2 b5 17. b4 Qc7 18. Bg3 Bxg3 19. hxg3 Qb6 20. Rab1 Ne7 21.
Nc1 Nf5 22. Nb3 Nd6 23. Nc5 Rcd8 24. a4 Nc4 25. axb5 Qxb5 26. Ra1 Rd6 27. Qc2
Rb8 28. Qa4 Qxb4 29. Qxb4 Rxb4 30. Nxa6 Rbb6 31. Nc5 g5 32. Ra7 Kg7 33. Rfa1
Rb2 34. Rd7 e5 35. dxe5 Rg6 36. e6 Rf6 37. Rxf7+ Rxf7 38. exf7 Kxf7 39. g4 Rd2
40. Ra7+ Kg6 41. Ne6 Ne5 42. Nf8+ Kf6 43. Nxh7+ Kg6 44. Nf8+ Kf6 45. Nd7+ Nxd7
46. Rxd7 Ke6 47. Rd8 Ke7 48. Rg8 Kf6 49. g3 d4 50. exd4 Rxd4 51. f3 Rd2 52. f4
gxf4 53. gxf4 Ra2 54. Re8 Ra4 55. Rf8+ Kg7 56. Rf5 Ra2 57. Kf1 Kg6 58. Re5 Ra4
59. Rg5+ Kh6 60. Rf5 Ra2 61. g5+ Kh5 62. Rf6 Kg4 63. g6 Kf3 64. Ke1 Rg2 65. f5
Ke3 66. Kd1 Ke4 67. Rf7 Kd3 68. Kc1 Kc3 69. Rc7+ Kd4 70. g7 Ke5 71. Rf7 1-0

[Event "Mauricie op U2000"]
[Site "Trois-Rivieres CAN"]
[Date "2014.03.16"]
[Round "4"]
[White "Girard, Sylvain"]
[Black "Vallieres, David"]
[Result "0-1"]
[WhiteElo "1773"]
[BlackElo "1883"]
[PlyCount "63"]
[EventDate "2014.03.14"]
[EventType "swiss"]
[EventRounds "5"]
[EventCountry "CAN"]

1. e4 c5 2. Nf3 e6 3. d4 cxd4 4. Nxd4 a6 5. Nc3 Qc7 6. Be2 Nf6 7. Be3 Bb4 8.
Qd3 Nxe4 9. O-O Nxc3 10. bxc3 Qxc3 11. Qe4 O-O 12. Nb3 d5 13. Qh4 Bd6 14. Bd3
f5 15. Bd4 Qc7 16. f4 Nc6 17. c3 Nxd4 18. cxd4 Qe7 19. Qf2 Bd7 20. Nc5 b6 21.
Nb3 Qe8 22. Rfe1 Rf7 23. Be2 Bb5 24. Bh5 g6 25. Bf3 Re7 26. Be2 Rc8 27. Bd1 Bd3
28. Re3 Be4 29. Nd2 Rec7 30. Nb3 Rc3 31. Bf3 a5 32. a3 0-1

[Event "Mauricie op U2000"]
[Site "Trois-Rivieres CAN"]
[Date "2014.03.16"]
[Round "4"]
[White "Girouard, Michel"]
[Black "Ouellet, Maili-Jade"]
[Result "0-1"]
[WhiteElo "1850"]
[BlackElo "1693"]
[PlyCount "52"]
[EventDate "2014.03.14"]
[EventType "swiss"]
[EventRounds "5"]
[EventCountry "CAN"]

1. Nf3 e6 2. c4 d5 3. g3 c6 4. b3 Nf6 5. Bg2 Bd6 6. Bb2 O-O 7. O-O Nbd7 8. d3
e5 9. cxd5 cxd5 10. e3 Re8 11. Nc3 b6 12. a3 Ba6 13. Re1 Nc5 14. Bf1 e4 15.
dxe4 Bxf1 16. Rxf1 dxe4 17. Nd4 Nd3 18. Ra2 Nxb2 19. Rxb2 Bxa3 20. Rd2 Qc8 21.
Ncb5 Bc5 22. Rc2 Qh3 23. f4 exf3 24. Qxf3 Qd7 25. Rfc1 Nd5 26. b4 Nxb4 0-1

[Event "Mauricie op U2000"]
[Site "Trois-Rivieres CAN"]
[Date "2014.03.16"]
[Round "4"]
[White "Marcouiller, David"]
[Black "Laplante, Sylvain"]
[Result "1-0"]
[WhiteElo "1640"]
[BlackElo "1801"]
[PlyCount "55"]
[EventDate "2014.03.14"]
[EventType "swiss"]
[EventRounds "5"]
[EventCountry "CAN"]

1. c4 Nf6 2. Nc3 e6 3. g3 d5 4. cxd5 exd5 5. Nf3 c6 6. Qc2 Be7 7. d4 O-O 8. Bg2
Be6 9. Ng5 Qd7 10. Nxe6 fxe6 11. Bf4 c5 12. e3 Nc6 13. Rd1 Nh5 14. dxc5 Nxf4
15. exf4 Nb4 16. Qe2 Bxc5 17. a3 Nc6 18. O-O Nd4 19. Qg4 Nf5 20. Nxd5 exd5 21.
Rxd5 Qc8 22. Rfd1 Ne7 23. Rd7 Qe8 24. b4 Bb6 25. Qe6+ Rf7 26. Re1 Bd8 27. Bd5
Kf8 28. Rxb7 1-0

[Event "Mauricie op U2000"]
[Site "Trois-Rivieres CAN"]
[Date "2014.03.16"]
[Round "4"]
[White "Mathieu, Guillaume"]
[Black "Lafleche, Alain"]
[Result "1-0"]
[WhiteElo "1820"]
[BlackElo "1741"]
[PlyCount "124"]
[EventDate "2014.03.14"]
[EventType "swiss"]
[EventRounds "5"]
[EventCountry "CAN"]

1. e4 e5 2. f4 d5 3. exd5 e4 4. d3 Nf6 5. Nc3 Bf5 6. Nxe4 Nxd5 7. Nf3 Nc6 8.
Bd2 Be7 9. g3 O-O 10. Bg2 Re8 11. O-O Nf6 12. Nxf6+ Bxf6 13. Bc3 Nd4 14. Kh1 c5
15. Bxd4 cxd4 16. Nd2 Qc8 17. Ne4 Be7 18. Rc1 Rb8 19. c4 Bf8 20. a3 h6 21. Re1
Be7 22. Qh5 Bg4 23. Qd5 Rd8 24. Qa5 b6 25. Qd2 Bf8 26. b4 h5 27. Nf2 h4 28.
Nxg4 Qxg4 29. Qe2 Qg6 30. Be4 Qh6 31. Kg2 a5 32. Rb1 axb4 33. axb4 Bd6 34. Qf2
Qf6 35. Bd5 Re8 36. Re4 Rxe4 37. dxe4 Qe7 38. Qxd4 Bxb4 39. e5 Bc5 40. Qe4 Kh8
41. Qf5 Rf8 42. Qh5+ Kg8 43. Ra1 Bd4 44. Re1 Bc5 45. f5 Qa7 46. e6 Qa2+ 47. Re2
Qa7 48. exf7+ Rxf7 49. Re8+ Bf8 50. Ra8 Qe7 51. Qxf7+ Qxf7 52. Kf3 Qxd5+ 53.
cxd5 Kf7 54. Rxf8+ Kxf8 55. g4 Ke7 56. g5 Kd6 57. f6 gxf6 58. g6 Kxd5 59. g7 b5
60. g8=Q+ Kd4 61. Qg4+ Kc3 62. Qxh4 b4 1-0

[Event "Mauricie op U2000"]
[Site "Trois-Rivieres CAN"]
[Date "2014.03.16"]
[Round "4"]
[White "Morissette, Jean"]
[Black "Simard, Francois"]
[Result "1-0"]
[WhiteElo "1904"]
[BlackElo "1703"]
[PlyCount "51"]
[EventDate "2014.03.14"]
[EventType "swiss"]
[EventRounds "5"]
[EventCountry "CAN"]

1. d4 d5 2. Bg5 Nf6 3. Bxf6 exf6 4. e3 c6 5. c4 dxc4 6. Bxc4 Be6 7. Qb3 Bxc4 8.
Qxc4 Nd7 9. Ne2 Nb6 10. Qc2 Bb4+ 11. Nbc3 c5 12. Rd1 cxd4 13. Rxd4 Bxc3+ 14.
Nxc3 Qc7 15. Re4+ Kf8 16. O-O g6 17. Qb3 Kg7 18. a4 Rhe8 19. a5 Rxe4 20. Nxe4
Nd7 21. Rd1 f5 22. Nd6 Ne5 23. Qd5 Rd8 24. Nxf5+ gxf5 25. Qxd8 Qxd8 26. Rxd8
1-0

[Event "Mauricie op U2000"]
[Site "Trois-Rivieres CAN"]
[Date "2014.03.16"]
[Round "4"]
[White "Perna-Fraser, David"]
[Black "Abran, David"]
[Result "1/2-1/2"]
[WhiteElo "1813"]
[BlackElo "1828"]
[PlyCount "107"]
[EventDate "2014.03.14"]
[EventType "swiss"]
[EventRounds "5"]
[EventCountry "CAN"]

1. e4 c5 2. Nf3 d6 3. d4 cxd4 4. Nxd4 Nf6 5. Nc3 a6 6. a4 e6 7. Be3 Qc7 8. Be2
Nbd7 9. O-O b6 10. Nb3 Bb7 11. f3 Be7 12. Qe1 O-O 13. Qf2 Nc5 14. a5 b5 15. e5
Nfd7 16. exd6 Bxd6 17. Nxc5 Nxc5 18. Qh4 f5 19. Rfd1 Be7 20. Qh3 Bf6 21. Bd4 e5
22. Bf2 g6 23. Nd5 Bxd5 24. Rxd5 Ne6 25. Be3 Qc6 26. Rd2 Rad8 27. Rad1 Rxd2 28.
Rxd2 Rd8 29. Bd3 Nc5 30. Bxc5 Qxc5+ 31. Kf1 Qe3 32. Rd1 Kg7 33. Qg3 Rd4 34. Qf2
Qxf2+ 35. Kxf2 e4 36. fxe4 fxe4 37. Be2 Rxd1 38. Bxd1 Bd4+ 39. Kg3 g5 40. Bg4
Bxb2 41. Bc8 Bc3 42. Bxa6 b4 43. Kf2 Kf6 44. h3 Ke5 45. Bb7 Bd4+ 46. Ke2 h5 47.
a6 Kf4 48. Bc6 Ba7 49. Bb7 g4 50. hxg4 hxg4 51. Bc6 g3 52. Bb7 Ke5 53. Bc6 Kd4
54. Bb7 1/2-1/2

[Event "Mauricie op U2000"]
[Site "Trois-Rivieres CAN"]
[Date "2014.03.16"]
[Round "4"]
[White "Zumsteg, Nicolas"]
[Black "Bleau, John"]
[Result "1/2-1/2"]
[WhiteElo "1674"]
[BlackElo "1930"]
[PlyCount "110"]
[EventDate "2014.03.14"]
[EventType "swiss"]
[EventRounds "5"]
[EventCountry "CAN"]

1. d4 Nf6 2. c4 g6 3. Nc3 d5 4. cxd5 Nxd5 5. Nxd5 Qxd5 6. e3 Bg7 7. Qf3 Qa5+ 8.
Bd2 Qb6 9. Bc3 O-O 10. Bc4 Nd7 11. Ne2 Nf6 12. O-O Bg4 13. Qg3 Bf5 14. f3 Qc6
15. Bb3 Bd3 16. Qf2 Nd5 17. Rfd1 Bc4 18. Bxc4 Qxc4 19. b3 Qa6 20. Bd2 f5 21.
Nc3 e6 22. Qf1 Qxf1+ 23. Kxf1 Nxc3 24. Bxc3 Rad8 25. Ke2 c5 26. Rac1 cxd4 27.
Bxd4 Bxd4 28. Rxd4 Rxd4 29. exd4 Rf7 30. Ke3 Kg7 31. f4 Kf6 32. h4 h6 33. g3
Rd7 34. Kd3 g5 35. hxg5+ hxg5 36. Rh1 gxf4 37. gxf4 Rg7 38. Rh2 b5 39. Kc3 a5
40. Rd2 Rg4 41. Rf2 Rg3+ 42. Kd2 Ke7 43. Kc2 Kd6 44. Re2 b4 45. Re5 Rg2+ 46.
Kd3 Rxa2 47. d5 exd5 48. Rxf5 Ra1 49. Rf6+ Ke7 50. Ra6 Rd1+ 51. Kc2 Rd4 52. f5
Kf7 53. Rd6 Ke7 54. Re6+ Kf7 55. Rd6 Ke7 1/2-1/2

[Event "Mauricie op U2000"]
[Site "Trois-Rivieres CAN"]
[Date "2014.03.16"]
[Round "5"]
[White "Abran, David"]
[Black "Lamoureux, Yvon"]
[Result "1-0"]
[WhiteElo "1828"]
[BlackElo "1609"]
[PlyCount "100"]
[EventDate "2014.03.14"]
[EventType "swiss"]
[EventRounds "5"]
[EventCountry "CAN"]

1. c4 Nf6 2. Nc3 g6 3. g3 Bg7 4. Bg2 O-O 5. Nf3 d6 6. O-O Nc6 7. d3 e5 8. a3
Nh5 9. Bg5 f6 10. Bd2 Ne7 11. b4 f5 12. Ra2 f4 13. e3 Bf5 14. e4 Be6 15. Ng5
Bd7 16. Qb3 Kh8 17. c5 Qe8 18. cxd6 cxd6 19. b5 h6 20. Nf3 Rf6 21. Rc2 g5 22.
d4 Rg6 23. dxe5 dxe5 24. Rfc1 g4 25. Ne1 Rd6 26. Bf1 Be6 27. Qb2 Rad8 28. Na2
Rd4 29. Bc3 Rxe4 30. Nb4 Nd5 31. Nxd5 Rxd5 32. Bb4 f3 33. Rc7 Rd7 34. b6 axb6
35. Bb5 Qf7 36. Bxd7 Bxd7 37. Qb1 Nf6 38. Qd3 Rd4 39. Qf5 Qd5 40. Qc2 e4 41.
Bc3 Rc4 42. Rxc4 Qxc4 43. Bxf6 Qxc2 44. Bxg7+ Kxg7 45. Nxc2 Kf6 46. Nd4 Ke5 47.
Rc7 Ba4 48. Nc2 Bxc2 49. Rxc2 Kd4 50. Rc7 Kd3 1-0

[Event "Mauricie op U2000"]
[Site "Trois-Rivieres CAN"]
[Date "2014.03.16"]
[Round "5"]
[White "Lafleche, Alain"]
[Black "Dumont, Eric"]
[Result "0-1"]
[WhiteElo "1741"]
[BlackElo "1671"]
[PlyCount "88"]
[EventDate "2014.03.14"]
[EventType "swiss"]
[EventRounds "5"]
[EventCountry "CAN"]

1. e4 c6 2. d4 d5 3. exd5 cxd5 4. Nc3 Nf6 5. Be3 Bf5 6. f3 Nc6 7. Qd2 e6 8.
O-O-O Bb4 9. Bd3 Bxd3 10. Qxd3 O-O 11. Nge2 Qe7 12. g4 Na5 13. h4 Nc4 14. Bg5
Ba3 15. Na4 b5 16. bxa3 bxa4 17. Bxf6 Qb7 18. Qc3 gxf6 19. Rdg1 Rab8 20. Kd1
Rfc8 21. Ke1 Nb2 22. Qd2 Nc4 23. Qh6 Qb1+ 24. Kf2 Qxc2 25. h5 Rb2 26. Re1 Nd6
27. g5 Qd2 28. Qxf6 Nf5 29. Qe5 Qxd4+ 30. Qxd4 Nxd4 31. Rh2 Rcc2 32. Ke3 e5 33.
f4 Nf5+ 34. Kf3 e4+ 35. Kg4 Ne3+ 36. Kh4 Rxa2 37. h6 Rxa3 38. Rf2 d4 39. f5 d3
40. Nf4 Nxf5+ 41. Kg4 Nxh6+ 42. gxh6 Rxf2 43. Rxe4 Kf8 44. Nh5 f5+ 0-1

[Event "Mauricie op U2000"]
[Site "Trois-Rivieres CAN"]
[Date "2014.03.16"]
[Round "5"]
[White "Laplante, Sylvain"]
[Black "Bond, Jocelyn"]
[Result "1-0"]
[WhiteElo "1801"]
[BlackElo "1955"]
[PlyCount "59"]
[EventDate "2014.03.14"]
[EventType "swiss"]
[EventRounds "5"]
[EventCountry "CAN"]

1. e4 c5 2. Nf3 a6 3. d4 cxd4 4. Nxd4 Nf6 5. Nc3 e5 6. Nb3 Bb4 7. Qd3 O-O 8.
Bd2 d6 9. a3 Bxc3 10. Bxc3 Qc7 11. Be2 Be6 12. O-O d5 13. f3 Rd8 14. exd5 Nxd5
15. Qe4 Nxc3 16. bxc3 Nd7 17. f4 exf4 18. Nd4 Re8 19. Bd3 Nf6 20. Qf3 Bd5 21.
Qh3 Re3 22. Qh4 Be4 23. Rxf4 Bxd3 24. cxd3 Qxc3 25. Raf1 Rxd3 26. Nf5 Nd5 27.
Rg4 g6 28. Nh6+ Kf8 29. Rxf7+ Ke8 30. Re4+ 1-0

[Event "Mauricie op U2000"]
[Site "Trois-Rivieres CAN"]
[Date "2014.03.16"]
[Round "5"]
[White "Marcouiller, David"]
[Black "Zumsteg, Nicolas"]
[Result "1-0"]
[WhiteElo "1640"]
[BlackElo "1674"]
[PlyCount "123"]
[EventDate "2014.03.14"]
[EventType "swiss"]
[EventRounds "5"]
[EventCountry "CAN"]

1. c4 c5 2. g3 Nf6 3. Nc3 d6 4. Qc2 Bd7 5. Bg2 Bc6 6. Nd5 e6 7. Nxf6+ Qxf6 8.
Nf3 g6 9. Rb1 Bg7 10. b4 cxb4 11. Rxb4 O-O 12. d4 Qe7 13. O-O Nd7 14. Ba3 Rfc8
15. e4 d5 16. exd5 Bxd5 17. Qd3 Rxc4 18. Rxb7 Qd8 19. Rb2 Rac8 20. Bb4 Bxf3 21.
Qxf3 Bxd4 22. Rb3 Ne5 23. Qb7 Rb8 24. Be7 Bxf2+ 25. Kh1 Rxb7 26. Bxd8 Rxb3 27.
axb3 Rc2 28. Rd1 Kg7 29. Be7 Ng4 30. Be4 Bb6 31. Bxc2 Nf2+ 32. Kg2 Nxd1 33.
Bxd1 f5 34. b4 Bc7 35. Bb3 e5 36. Bc5 Bb8 37. Bd5 Kf6 38. h4 h5 39. b5 Kg7 40.
Kf2 Kf6 41. Ke3 Kg7 42. Be7 Bc7 43. Bg5 Bb6+ 44. Ke2 Bc5 45. Be3 Bb6 46. Bg5
Bc5 47. Be3 Bb6 48. Kd3 Kf6 49. Bxb6 axb6 50. Kc4 g5 51. Bb7 gxh4 52. gxh4 Ke6
53. Bc8+ Kf6 54. Kd5 e4 55. Kd4 Kg6 56. Ke5 e3 57. Bxf5+ Kf7 58. Bd3 Ke7 59.
Kf4 Kf6 60. Kxe3 Kf7 61. Kf4 Kf6 62. Be4 1-0

[Event "Mauricie op U2000"]
[Site "Trois-Rivieres CAN"]
[Date "2014.03.16"]
[Round "5"]
[White "Ouellet, Maili-Jade"]
[Black "Bleau, John"]
[Result "1-0"]
[WhiteElo "1693"]
[BlackElo "1930"]
[PlyCount "75"]
[EventDate "2014.03.14"]
[EventType "swiss"]
[EventRounds "5"]
[EventCountry "CAN"]

1. d4 Nf6 2. c4 g6 3. Nc3 d5 4. cxd5 Nxd5 5. e4 Nxc3 6. bxc3 c5 7. Nf3 Bg7 8.
Rb1 O-O 9. Be2 Qa5 10. Bd2 Qxa2 11. O-O Qe6 12. Qc2 cxd4 13. cxd4 Qc6 14. Bc4
Bd7 15. Rfc1 e6 16. Qd3 a5 17. Bd5 Qa6 18. Qxa6 Rxa6 19. Bxb7 Ra7 20. d5 exd5
21. Be3 Rxb7 22. Rxb7 Be6 23. Ng5 a4 24. Nxe6 fxe6 25. exd5 exd5 26. Bc5 Re8
27. Ra7 Bb2 28. Rb1 d4 29. Rxa4 Nc6 30. h3 Bc3 31. Kh2 Kg7 32. Rb7+ Kg8 33. Ra6
Ne5 34. Raa7 Nf7 35. Rxf7 d3 36. Rxh7 Be5+ 37. g3 Rd8 38. Rhd7 1-0

[Event "Mauricie op U2000"]
[Site "Trois-Rivieres CAN"]
[Date "2014.03.16"]
[Round "5"]
[White "Simard, Francois"]
[Black "Perna-Fraser, David"]
[Result "1/2-1/2"]
[WhiteElo "1703"]
[BlackElo "1813"]
[PlyCount "57"]
[EventDate "2014.03.14"]
[EventType "swiss"]
[EventRounds "5"]
[EventCountry "CAN"]

1. d4 f5 2. Bg5 Nf6 3. e3 e6 4. Bd3 Be7 5. Nf3 O-O 6. O-O b6 7. c4 Bb7 8. Nc3
Ne4 9. Bxe7 Qxe7 10. Qc2 Nxc3 11. Qxc3 d6 12. Be2 Nd7 13. Nd2 Nf6 14. Bf3 Ne4
15. Nxe4 Bxe4 16. Bxe4 fxe4 17. f3 exf3 18. Rxf3 Rxf3 19. gxf3 Rf8 20. Rf1 e5
21. dxe5 Qxe5 22. Qxe5 dxe5 23. e4 Rd8 24. Kg2 Kf7 25. Kg3 Rd2 26. Rf2 Rxf2 27.
Kxf2 g5 28. Kg3 h5 29. b3 1/2-1/2

[Event "May TNT"]
[Site "Winnipeg CAN"]
[Date "2014.05.06"]
[Round "1"]
[White "Babb, Jeff"]
[Black "Le Dorze, Phil"]
[Result "1-0"]
[WhiteElo "2160"]
[BlackElo "1814"]
[PlyCount "59"]
[EventDate "2014.05.06"]
[EventType "swiss"]
[EventRounds "4"]
[EventCountry "CAN"]

1. f4 d5 2. e3 Nf6 3. Nf3 c5 4. b3 Nc6 5. Bb2 Bf5 6. Bb5 e6 7. Ne5 Rc8 8. O-O
Be7 9. d3 O-O 10. Bxc6 bxc6 11. g4 Bg6 12. h4 h6 13. Nxg6 fxg6 14. g5 Nh5 15.
Qg4 d4 16. gxh6 Kh7 17. hxg7 Kxg7 18. Nd2 Bf6 19. e4 Bxh4 20. Nc4 Bg3 21. Bc1
Rh8 22. Rf3 Bh2+ 23. Kg2 Nf6 24. Qxe6 Rh4 25. Ne5 Qe8 26. Qxe8 Rxe8 27. Rh3
Reh8 28. Rxh4 Rxh4 29. Nf3 Rxf4 30. Nxh2 1-0

[Event "May TNT"]
[Site "Winnipeg CAN"]
[Date "2014.05.06"]
[Round "1"]
[White "Campbell, Jamie"]
[Black "Andraschko, Felix"]
[Result "0-1"]
[WhiteElo "1810"]
[BlackElo "2102"]
[PlyCount "58"]
[EventDate "2014.05.06"]
[EventType "swiss"]
[EventRounds "4"]
[EventCountry "CAN"]

1. Nf3 c5 2. b3 Nc6 3. c4 e5 4. d3 g6 5. Bb2 Bg7 6. g3 Nge7 7. Bg2 O-O 8. O-O
e4 9. Bxg7 exf3 10. Bxf8 fxg2 11. Kxg2 Kxf8 12. Nc3 d5 13. Qc1 Kg8 14. Qg5 Be6
15. cxd5 Nxd5 16. Ne4 Qxg5 17. Nxg5 Re8 18. Nxe6 Rxe6 19. e4 Ndb4 20. Rfd1 Rd6
21. a3 Nxd3 22. Kf3 Rf6+ 23. Ke2 Nxf2 24. Rd7 Nd4+ 25. Kf1 Nxe4+ 26. Kg2 Rf2+
27. Kh3 Ng5+ 28. Kg4 Nde6 29. Rh1 h5+ 0-1

[Event "May TNT"]
[Site "Winnipeg CAN"]
[Date "2014.05.06"]
[Round "1"]
[White "Flynn, Darren"]
[Black "Baron, Gustav"]
[Result "0-1"]
[WhiteElo "1280"]
[BlackElo "1910"]
[PlyCount "102"]
[EventDate "2014.05.06"]
[EventType "swiss"]
[EventRounds "4"]
[EventCountry "CAN"]

1. e4 c5 2. Nf3 d6 3. d4 cxd4 4. Nxd4 Nf6 5. Nc3 g6 6. f4 a6 7. e5 dxe5 8. fxe5
Ng4 9. Qd2 Nxe5 10. Nf3 Nxf3+ 11. gxf3 Qxd2+ 12. Bxd2 Bg7 13. h4 h5 14. O-O-O
O-O 15. Bh3 Bxh3 16. Rxh3 Nc6 17. Ne4 Rfd8 18. Ng5 Rac8 19. a3 Ne5 20. f4 Ng4
21. Rc3 Bxc3 22. Bxc3 Rxd1+ 23. Kxd1 Ne3+ 24. Kd2 Nd5 25. Bb4 Nxb4 26. axb4 Rc4
27. c3 Rxf4 28. b3 Rxh4 29. Nf3 Rh1 30. c4 Rf1 31. Nd4 h4 32. Ke2 Rf4 33. Nf3
Rxf3 34. Kxf3 g5 35. Kg4 f5+ 36. Kh3 e5 37. c5 e4 38. Kg2 g4 39. c6 bxc6 40. b5
axb5 41. b4 f4 42. Kf2 g3+ 43. Kg2 f3+ 44. Kf1 h3 45. Kg1 e3 46. Kf1 g2+ 47.
Kg1 f2+ 48. Kh2 f1=Q 49. Kxh3 g1=Q+ 50. Kh4 Qfg2 51. Kh5 Q2h1# 0-1

[Event "May TNT"]
[Site "Winnipeg CAN"]
[Date "2014.05.06"]
[Round "1"]
[White "Kernetsky, Myron"]
[Black "Evans, Jason"]
[Result "1-0"]
[WhiteElo "2030"]
[BlackElo "1525"]
[PlyCount "57"]
[EventDate "2014.05.06"]
[EventType "swiss"]
[EventRounds "4"]
[EventCountry "CAN"]

1. d4 d6 2. Nf3 Bg4 3. c4 Nd7 4. Qb3 Bxf3 5. gxf3 b6 6. f4 e6 7. Nc3 Ngf6 8.
Bg2 Rb8 9. Nb5 d5 10. cxd5 exd5 11. Nxa7 Rb7 12. Nc6 Qc8 13. Bxd5 Nxd5 14. Qxd5
Nb8 15. O-O Qd7 16. Qe4+ Be7 17. Nxe7 Qxe7 18. Qxb7 O-O 19. Be3 Qd6 20. Rac1 c6
21. h3 Re8 22. Qxb6 Re6 23. Qc5 Qd7 24. Kh2 Rh6 25. f5 Rh5 26. Qe5 Qd8 27. Rg1
g6 28. Rg3 Rxf5 29. Qxf5 1-0

[Event "May TNT"]
[Site "Winnipeg CAN"]
[Date "2014.05.06"]
[Round "1"]
[White "Leaden, Bruce"]
[Black "Boron, Anthony"]
[Result "0-1"]
[WhiteElo "1592"]
[BlackElo "2010"]
[PlyCount "65"]
[EventDate "2014.05.06"]
[EventType "swiss"]
[EventRounds "4"]
[EventCountry "CAN"]

1. d4 Nf6 2. Nf3 e6 3. Bf4 Bd6 4. Bxd6 cxd6 5. c4 O-O 6. Nc3 Nc6 7. e3 b6 8. a3
Bb7 9. Be2 Ne7 10. O-O d5 11. Rc1 dxc4 12. Bxc4 d6 13. Re1 Rc8 14. Ba2 Ne4 15.
Bb1 Nxc3 16. bxc3 Nd5 17. Qd3 g6 18. e4 Ne7 19. Qe3 Kg7 20. h4 Qd7 21. g3 Qa4
22. e5 Nd5 23. Qd3 Qxa3 24. h5 Rxc3 25. Rxc3 Qxc3 26. Qxc3 Nxc3 27. Ng5 Nxb1
28. Rxb1 dxe5 29. dxe5 h6 30. Nh3 g5 31. Rb4 Bf3 32. Kf1 Rd8 33. Rb1 0-1

[Event "May TNT"]
[Site "Winnipeg CAN"]
[Date "2014.05.06"]
[Round "1"]
[White "Trueman, Francis"]
[Black "Clark, Jeff"]
[Result "0-1"]
[WhiteElo "1501"]
[BlackElo "1988"]
[PlyCount "37"]
[EventDate "2014.05.06"]
[EventType "swiss"]
[EventRounds "4"]
[EventCountry "CAN"]

1. c4 c5 2. Nc3 Nc6 3. e3 Nf6 4. Nf3 g6 5. d4 cxd4 6. exd4 d5 7. Bf4 Bg7 8. Nb5
O-O 9. Nc7 Nh5 10. Nxd5 e6 11. Nc7 Nxf4 12. Nxa8 b6 13. Qd2 Nh5 14. g4 Nf6 15.
Qf4 Ne8 16. Nxb6 Qxb6 17. Rd1 Bb7 18. Bg2 Nxd4 19. O-O 0-1

[Event "May TNT"]
[Site "Winnipeg CAN"]
[Date "2014.05.06"]
[Round "1"]
[White "Wasserman, Leor"]
[Black "Reimer, Bruce"]
[Result "1-0"]
[WhiteElo "2079"]
[BlackElo "1655"]
[PlyCount "57"]
[EventDate "2014.05.06"]
[EventType "swiss"]
[EventRounds "4"]
[EventCountry "CAN"]

1. e4 g6 2. d4 Bg7 3. Nf3 d6 4. Bc4 e6 5. O-O a6 6. Bg5 Ne7 7. Qd2 b5 8. Bd3 h6
9. Be3 Nd7 10. Nc3 Bb7 11. Ne1 c5 12. dxc5 Nxc5 13. a3 f6 14. f4 O-O 15. f5 g5
16. fxe6 Nxe6 17. Qf2 Qc7 18. Nd5 Bxd5 19. exd5 Nc5 20. Bxc5 Qxc5 21. Qxc5 dxc5
22. d6 Nc6 23. Be4 Rac8 24. Rd1 Nd4 25. c3 Nc6 26. d7 Rcd8 27. Bxc6 f5 28. Nc2
f4 29. Rfe1 1-0

[Event "May TNT"]
[Site "Winnipeg CAN"]
[Date "2014.05.06"]
[Round "1"]
[White "Wolchock, Theo"]
[Black "Roy, Rayan"]
[Result "1-0"]
[WhiteElo "1969"]
[BlackElo "1479"]
[PlyCount "63"]
[EventDate "2014.05.06"]
[EventType "swiss"]
[EventRounds "4"]
[EventCountry "CAN"]

1. c4 c5 2. g3 e6 3. Bg2 Nf6 4. Nc3 Be7 5. e3 Nc6 6. d4 cxd4 7. exd4 O-O 8. d5
exd5 9. cxd5 Qb6 10. dxc6 dxc6 11. Nge2 Rd8 12. Qc2 Ng4 13. O-O Bc5 14. Nf4
Bxf2+ 15. Rxf2 Nxf2 16. Qxf2 Qxf2+ 17. Kxf2 Bf5 18. Be3 Rd6 19. Re1 h6 20. Be4
Bxe4 21. Nxe4 Rdd8 22. Nc5 b6 23. Ne4 c5 24. g4 Rac8 25. g5 hxg5 26. Nxg5 c4
27. Ne4 Re8 28. Nd6 Rxe3 29. Rxe3 Rc6 30. Re8+ Kh7 31. Nxf7 b5 32. Rh8# 1-0

[Event "May TNT"]
[Site "Winnipeg CAN"]
[Date "2014.05.13"]
[Round "2"]
[White "Andraschko, Felix"]
[Black "Wolchock, Theo"]
[Result "1-0"]
[WhiteElo "2102"]
[BlackElo "1969"]
[PlyCount "93"]
[EventDate "2014.05.06"]
[EventType "swiss"]
[EventRounds "4"]
[EventCountry "CAN"]

1. Nf3 d5 2. d4 Nf6 3. c4 e6 4. g3 Be7 5. Bg2 O-O 6. O-O c5 7. cxd5 exd5 8. Nc3
h6 9. dxc5 Bxc5 10. Na4 Bd6 11. Be3 Re8 12. Nc3 Bc7 13. Qc2 Nc6 14. Rad1 Qe7
15. Nd4 Be6 16. a3 Rad8 17. Na4 Rc8 18. Nxc6 bxc6 19. Bc5 Bd6 20. b4 Bxc5 21.
Qxc5 Qxc5 22. Nxc5 Bf5 23. e3 Be4 24. Bh3 Rc7 25. Rc1 Bf3 26. Rc2 Bg4 27. Bxg4
Nxg4 28. Nd3 Rec8 29. Rfc1 a6 30. a4 Nf6 31. Ne5 c5 32. Rxc5 Rxc5 33. Rxc5 Rxc5
34. bxc5 Ne4 35. Nd7 f6 36. f3 Ng5 37. Nb8 a5 38. c6 Ne6 39. Na6 Kf8 40. c7
Nxc7 41. Nxc7 Ke7 42. Nxd5+ Kd6 43. e4 f5 44. Kf2 fxe4 45. fxe4 Ke5 46. Ke3 g5
47. Nb6 1-0

[Event "May TNT"]
[Site "Winnipeg CAN"]
[Date "2014.05.13"]
[Round "2"]
[White "Atem, James"]
[Black "Kernetsky, Myron"]
[Result "1-0"]
[WhiteElo "1837"]
[BlackElo "2030"]
[PlyCount "47"]
[EventDate "2014.05.06"]
[EventType "swiss"]
[EventRounds "4"]
[EventCountry "CAN"]

1. e4 e6 2. Nf3 d5 3. exd5 exd5 4. d4 Bd6 5. Bd3 Ne7 6. O-O c6 7. Ng5 h6 8. Qh5
g6 9. Qh4 Bf5 10. Re1 Bxd3 11. cxd3 Nd7 12. Nf3 Kf8 13. Bxh6+ Kg8 14. Qg5 Qe8
15. Qd2 Qb8 16. g4 Qc7 17. Nc3 Nf6 18. h3 Qd7 19. Qg5 Nxg4 20. hxg4 Rxh6 21.
Ne5 Bxe5 22. Rxe5 f6 23. Rxe7 Qxe7 24. Qxh6 1-0

[Event "May TNT"]
[Site "Winnipeg CAN"]
[Date "2014.05.13"]
[Round "2"]
[White "Baron, Gustav"]
[Black "Wasserman, Leor"]
[Result "1/2-1/2"]
[WhiteElo "1910"]
[BlackElo "2079"]
[PlyCount "94"]
[EventDate "2014.05.06"]
[EventType "swiss"]
[EventRounds "4"]
[EventCountry "CAN"]

1. d4 Nf6 2. c4 g6 3. Nc3 d5 4. e3 Bg7 5. b4 O-O 6. a4 Bf5 7. Qb3 c6 8. Nge2
dxc4 9. Qxc4 e5 10. dxe5 Ng4 11. f4 Bxe5 12. Nd4 Bxd4 13. Qxd4 Qxd4 14. exd4
Re8+ 15. Ne2 Na6 16. h3 Ne3 17. Bxe3 Rxe3 18. Kf2 Nxb4 19. Ng3 Rb3 20. Nxf5
Rb2+ 21. Kg3 gxf5 22. Bc4 Rd8 23. Rab1 Rxb1 24. Rxb1 a5 25. Rd1 Nc2 26. Rc1
Nxd4 27. Rb1 b5 28. axb5 cxb5 29. Bxb5 Rb8 30. Bd3 Rxb1 31. Bxb1 Ne2+ 32. Kf3
Nc3 33. Bxf5 a4 34. Bc2 a3 35. Bb3 a2 36. Bxa2 Nxa2 37. Ke4 Nc3+ 38. Kf5 Kg7
39. g4 Nd5 40. Ke4 Ne7 41. f5 Kf6 42. h4 h6 43. Kf4 Kg7 44. g5 Nd5+ 45. Ke5 f6+
46. Kxd5 hxg5 47. hxg5 fxg5 1/2-1/2

[Event "May TNT"]
[Site "Winnipeg CAN"]
[Date "2014.05.13"]
[Round "2"]
[White "Boron, Anthony"]
[Black "Babb, Jeff"]
[Result "1-0"]
[WhiteElo "2010"]
[BlackElo "2160"]
[PlyCount "69"]
[EventDate "2014.05.06"]
[EventType "swiss"]
[EventRounds "4"]
[EventCountry "CAN"]

1. Nf3 d5 2. c4 dxc4 3. g3 g6 4. Bg2 Bg7 5. Qa4+ c6 6. Qxc4 Be6 7. Qc2 Na6 8.
Nc3 Qa5 9. a3 Nf6 10. O-O Qh5 11. d3 Bh3 12. Bxh3 Qxh3 13. Ng5 Qd7 14. b4 h6
15. Nf3 O-O 16. Bb2 Nc7 17. Rad1 Qh3 18. Ne4 Nxe4 19. dxe4 Bxb2 20. Qxb2 Rfd8
21. Qb3 Ne6 22. Qe3 Rxd1 23. Rxd1 a5 24. Qb6 axb4 25. Qxb4 Rd8 26. Rxd8+ Nxd8
27. Qxe7 Qc8 28. Ne5 c5 29. Qe8+ Kg7 30. Nd7 Kh7 31. e5 h5 32. h4 g5 33. e4
gxh4 34. Nf6+ Kh6 35. Qh8+ 1-0